| 000 | 00688nam a2200229 a 4500 | ||
|---|---|---|---|
| 999 |
_c11903 _d11903 |
||
| 001 | 11903 | ||
| 003 | BD-JhCC | ||
| 005 | 20201126082919.0 | ||
| 008 | 201126b19942019bg |||| ||a| 000 0 ben d | ||
| 020 | _a9789848812396 | ||
| 035 | _a(BD-JhCC)11903 | ||
| 040 |
_aBD-JhCC _dBD-JhCC |
||
| 041 | _aben | ||
| 082 |
_a891.443 _bIQB 2019 |
||
| 100 | _aইকবাল, মুহম্মদ জাফর | ||
| 245 |
_aপ্রেত / _cমুহম্মদ জাফর ইকবাল । |
||
| 260 |
_aঢাকা: _bজ্ঞানকোষ প্রকাশনী; _c২০১৯. |
||
| 300 |
_a111 p. : _c22 cm. |
||
| 650 | _aBengali Novel | ||
| 942 |
_2ddc _cBK |
||